| 000 | 00570nab a2200205 a 4500 | ||
|---|---|---|---|
| 005 | 20210219155706.0 | ||
| 008 | 991125s1985 mx 000 0 spa u | ||
| 035 | _aUPN01000150269 | ||
| 100 | 1 | _aVázquez Díaz, José | |
| 222 | _aALAMBIQUE : | ||
| 222 | _bDIDACTICA DE LAS CIENCIAS EXPERIMENTALES | ||
| 245 | _aDivulgación científica y democracia | ||
| 260 | _aEspaña | ||
| 300 | _a17-25 | ||
| 362 | 0 | _a1999 Año 6, no. 21 , jul.-sept. | |
| 653 | 0 | _aDIVULGACION CIENTIFICA | |
| 653 | 0 | _aCONOCIMIENTO CIENTIFICO | |
| 653 | 0 | _aCIENCIA | |
| 905 | _aArticulo | ||
| 999 |
_c122410 _d122410 |
||